Long-term dynamics of an early successional small mammal community (Registro nro. 10313)

Detalles MARC
000 -CABECERA
Campo de control 007330000a22002170004500
090 ## - CLASIFICACIÓN LOCAL
Colección AR
Consecutivo 01227
041 0# - IDIOMA
Código de idioma para texto/pista de sonido o título separado
100 1# - ASIENTO PRINCIPAL--NOMBRE PERSONAL
Nombre personal Swihart, Robert K.
245 10 - MENCION DE TITULO
Título Long-term dynamics of an early successional small mammal community
650 14 - ASIENTO SECUNDARIO DE MATERIA - TERMINO TEMATICO
Término temático o nombre geográfico como elemento de entrada Ecología de comunidades
650 14 - ASIENTO SECUNDARIO DE MATERIA - TERMINO TEMATICO
Término temático o nombre geográfico como elemento de entrada Distribución
650 14 - ASIENTO SECUNDARIO DE MATERIA - TERMINO TEMATICO
Término temático o nombre geográfico como elemento de entrada Patrones de abundancia
650 14 - ASIENTO SECUNDARIO DE MATERIA - TERMINO TEMATICO
Término temático o nombre geográfico como elemento de entrada Uso del hábitat
651 #4 - ASIENTO SECUNDARIO DE MATERIA - NOMBRE GEOGRAFICO
-- Kansas
-- Estados Unidos
653 ## - TERMINO DE INDIZACION - NO CONTROLADO
-- Sigmodon
-- Sigmodon hispidus
653 ## - TERMINO DE INDIZACION - NO CONTROLADO
-- Peromyscus
-- Peromyscus leucopus
653 ## - TERMINO DE INDIZACION - NO CONTROLADO
-- Reithrodontomys
-- Reithrodontomys megalotis
700 1# - ASIENTO SECUNDARIO - NOMBRE PERSONAL
Nombre personal Slade, Norman A.
773 1# - Item fuente:
Título American Midland Naturalist
Especificación de materiales 176
Descripción física 2
Paginas del Articulo 372-382
Lugar, editorial y fecha de publicación 1990
Información sobre la relación 123
942 ## - ELEMENTOS ADICIONALES (KOHA)
Tipo de ítem Artículo
Existencias
Withdrawn status Lost status Damaged status No para préstamo Colección Ubicación Permanente Ubicación actual Fecha de adquisición Datos de publicación Seriada Total Checkouts Número topográfico Inventario / Código de Barras Date last seen Ejemplar Price effective from Forma de adquisición Tipo de material
      No para Préstamo Hemeroteca Bogotá Bogotá 27/02/2015 Fuera de circulación   AR 01227 011551 25/03/2015 1 25/03/2015   Artículo